Geography Ending in A-Z #1 - Statistics

General Stats
  • This quiz has been taken 80 times
  • The average score is 16 of 26
Answer Stats
Letter Hint Answer % Correct
A Its capital is Tirana Albania
92%
B Croatia's largest city Zagreb
88%
O Currency of Mexico Peso
85%
Q Country once lead by Saddam Husseim Iraq
84%
N Longest river in South America {Amazon} River
78%
Y Country in Scandinavia Norway
77%
X Borough of New York City The Bronx
77%
H State of the Mormons Utah
77%
W Someone from here is known as a Glaswegian Glasgow
74%
C Highest of the Alps Mont Blanc
73%
P Major city in Belgium Antwerp
70%
G Where Kim-Jong Un resides Pyongyang
67%
F First national park of Canada Banff
66%
L Largest lake in Russia Lake {Baikal}
66%
T Capital of Uzbekistan Tashkent
63%
M Territory of the United States Guam
62%
I Host of the 2014 Winter Olympics Sochi
62%
K Also known as Krung Thep Bangkok
58%
E Island of the Minoan civilization Crete
52%
D Country of the Southern Alps New Zealand
47%
U Country with cargo cult worshipping Prince Philip Vanuatu
38%
V Second largest city of Bulgaria Plovdiv
37%
R Largest city on Bali Denpasar
36%
S Mountain range of the Pacific Northwest Cascades
29%
Z Region in western Saudi Arabia Hejaz
7%
J Oldest recorded town in Slovenia Ptuj
3%
No matching quizzes found
Score Distribution
Percent of People with Each Score
Percentile by Number Answered
Your Score History
You have not taken this quiz